[Event "SERBIA CHESS OPEN 2021 - MASTERS"]
[Site "Belgrade, Hotel Metropol"]
[Date "2021.07.03"]
[Round "2.130"]
[White "Zivkovic, Sava"]
[Black "Tyurin, Artem"]
[Result "1/2-1/2"]
[WhiteElo "2251"]
[BlackElo "2106"]
[PlyCount "116"]
[EventDate "2021.??.??"]

1. e4 e6 2. d4 d5 3. Nd2 c5 4. Ngf3 cxd4 5. exd5 Qxd5 6. Bc4 Qd6 7. O-O Nf6 8.
Nb3 Nc6 9. Nbxd4 Nxd4 10. Nxd4 a6 11. c3 Qc7 12. Bb3 Bd6 13. h3 O-O 14. Bc2
Bh2+ 15. Kh1 Bf4 16. Bxf4 Qxf4 17. Qf3 Qxf3 18. Nxf3 b6 19. Rad1 Bb7 20. Rd6
Bxf3 21. gxf3 Rfd8 22. Rxb6 Nd5 23. Rb7 Nf4 24. Rb4 Nxh3 25. Kg2 Rd2 26. Bb3 a5
27. Rc4 Rxb2 28. Kxh3 a4 29. Rxa4 Rxa4 30. Bxa4 Rxa2 31. Bb5 Kf8 32. Kg3 Ke7
33. Rd1 Ra7 34. c4 Rc7 35. Kf4 h5 36. Ke4 g5 37. Kd4 Rc8 38. Ra1 h4 39. c5 Rd8+
40. Kc3 Rb8 41. Bd3 Rc8 42. Kd4 f5 43. Bc4 Kf6 44. Ra6 Re8 45. c6 h3 46. Kc5
Ke5 47. c7 Rc8 48. Rxe6+ Kf4 49. Kd6 Kxf3 50. Re3+ Kxf2 51. Rxh3 g4 52. Rh5 f4
53. Be6 Rxc7 54. Kxc7 g3 55. Bd5 g2 56. Bxg2 Kxg2 57. Kd6 f3 58. Rg5+ Kh2
1/2-1/2

[Event "SERBIA CHESS OPEN 2021 - MASTERS"]
[Site "Belgrade, Hotel Metropol"]
[Date "2021.07.03"]
[Round "2.131"]
[White "Eric, Jovana"]
[Black "Soubirou, Oriane"]
[Result "1-0"]
[WhiteElo "2250"]
[BlackElo "2101"]
[PlyCount "26"]
[EventDate "2021.??.??"]

1. e4 e5 2. Nf3 Nc6 3. Nc3 Nf6 4. Bb5 Nd4 5. O-O Nxb5 6. Nxb5 c6 7. Nc3 d6 8.
d4 Qc7 9. h3 h6 10. a4 g5 11. Kh2 Be7 12. Be3 Bd7 13. a5 Rf8 1-0

[Event "SERBIA CHESS OPEN 2021 - MASTERS"]
[Site "Belgrade, Hotel Metropol"]
[Date "2021.07.03"]
[Round "2.132"]
[White "Ivanovic, Marko"]
[Black "Garabetyan, Arno"]
[Result "1-0"]
[WhiteElo "2245"]
[BlackElo "2096"]
[PlyCount "114"]
[EventDate "2021.??.??"]

1. e4 c5 2. Nf3 e6 3. d4 cxd4 4. Nxd4 a6 5. Nc3 Qc7 6. Bd3 Bc5 7. Nb3 Be7 8.
Qg4 g6 9. Be3 d6 10. Qe2 Nd7 11. a4 b6 12. O-O Bb7 13. Rae1 Ngf6 14. Bh6 Bf8
15. Bxf8 Kxf8 16. f4 Kg7 17. Qf2 Rhf8 18. e5 dxe5 19. fxe5 Nd5 20. Ne4 Nxe5 21.
Qd4 Ne7 22. Nf6 N7c6 23. Qc3 Qd6 24. Be4 Rfd8 25. Bxc6 Qxc6 26. Qh3 h6 27. Rxe5
Qxc2 28. Ng4 h5 29. Nf2 Qxb2 30. Rfe1 Bd5 31. Nc1 Qd4 32. Qg3 Rac8 33. Ne2 Qxa4
34. Nf4 Rh8 35. Nxh5+ Kf8 36. Nf4 Qd4 37. Nxd5 exd5 38. R5e3 Kg7 39. Rd1 Qh4
40. Qe5+ Qf6 41. Qxf6+ Kxf6 42. Ng4+ Kg7 43. Rxd5 Rc7 44. Rd6 Rb8 45. Rb3 Rcb7
46. Ne5 a5 47. Nc4 a4 48. Rb4 b5 49. Na3 Rc8 50. Rxb5 Rxb5 51. Nxb5 Rc1+ 52.
Kf2 Rb1 53. Nd4 a3 54. Ra6 Rb2+ 55. Ne2 a2 56. g4 Kh6 57. h4 Rb4 1-0

[Event "SERBIA CHESS OPEN 2021 - MASTERS"]
[Site "Belgrade, Hotel Metropol"]
[Date "2021.07.03"]
[Round "2.133"]
[White "Zenelaj, Samuel"]
[Black "Nurmanova, Alua"]
[Result "0-1"]
[WhiteElo "2244"]
[BlackElo "2093"]
[PlyCount "66"]
[EventDate "2021.??.??"]

1. e4 c5 2. Nf3 d6 3. Bb5+ Bd7 4. Bxd7+ Nxd7 5. O-O Ngf6 6. Qe2 e6 7. b3 Be7 8.
Bb2 O-O 9. d4 Qc7 10. c4 cxd4 11. Nxd4 a6 12. Nd2 Rfe8 13. f4 Bf8 14. g4 e5 15.
Nf5 exf4 16. g5 Qc5+ 17. Rf2 Nxe4 18. Nh6+ gxh6 19. Nxe4 Qf5 20. gxh6 f6 21.
Re1 Bxh6 22. Qd3 Re6 23. Rg2+ Kh8 24. Qd5 Qh3 25. Rf1 f3 26. Rg3 Be3+ 27. Rf2
Rg8 28. Ng5 Bxf2+ 29. Kxf2 Re2+ 30. Kxf3 Qf1+ 31. Kg4 Ne5+ 32. Bxe5 Rxg5+ 33.
Kh4 Rxh2+ 0-1

[Event "SERBIA CHESS OPEN 2021 - MASTERS"]
[Site "Belgrade, Hotel Metropol"]
[Date "2021.07.03"]
[Round "2.134"]
[White "Kovacevic, Radmila"]
[Black "Gajcin, Marina"]
[Result "0-1"]
[WhiteElo "2093"]
[BlackElo "2243"]
[PlyCount "53"]
[EventDate "2021.??.??"]

1. e4 c5 2. Nf3 Nc6 3. Bb5 d6 4. O-O Bd7 5. d4 cxd4 6. Nxd4 Nf6 7. Nc3 g6 8.
Bxc6 bxc6 9. e5 dxe5 10. Nf3 Bg7 11. Nxe5 O-O 12. Re1 Rc8 13. Be3 Bf5 14. Bxa7
Qa5 15. Bd4 Rfd8 16. Qf3 Rxd4 17. Nxc6 Rxc6 18. Qxc6 Qd8 19. Rad1 Bxc2 20. Rxd4
Qxd4 21. Rxe7 Bf8 22. Rc7 Ne4 23. Rxf7 Kxf7 24. Qd5+ Qxd5 25. Nxd5 Bc5 26. Ne3
Bxe3 27. fxe3 0-1

[Event "SERBIA CHESS OPEN 2021 - MASTERS"]
[Site "Belgrade, Hotel Metropol"]
[Date "2021.07.03"]
[Round "2.135"]
[White "Antova, Gabriela"]
[Black "Gokcek, Kursat Bugra"]
[Result "1-0"]
[WhiteElo "2241"]
[BlackElo "2089"]
[PlyCount "55"]
[EventDate "2021.??.??"]

1. d4 Nf6 2. c4 g6 3. Nc3 Bg7 4. e4 d6 5. Nf3 O-O 6. Be2 e5 7. Be3 exd4 8. Nxd4
Re8 9. f3 c6 10. Bf2 d5 11. exd5 cxd5 12. c5 Nc6 13. O-O a6 14. Re1 Nh5 15. Qd2
Be6 16. Bf1 Qf6 17. Nce2 Ne5 18. b3 g5 19. Rad1 Rad8 20. Be3 h6 21. f4 gxf4 22.
Nxf4 Nxf4 23. Bxf4 Bg4 24. Be2 Ng6 25. Be3 Bxe2 26. Rxe2 Re4 27. Rf2 Qe5 28.
Rf5 1-0

[Event "SERBIA CHESS OPEN 2021 - MASTERS"]
[Site "Belgrade, Hotel Metropol"]
[Date "2021.07.03"]
[Round "2.136"]
[White "Demchenko, Svitlana"]
[Black "Spiric, Igor"]
[Result "0-1"]
[WhiteElo "2089"]
[BlackElo "2241"]
[PlyCount "118"]
[EventDate "2021.??.??"]

1. d4 Nf6 2. c4 b6 3. Nf3 Bb7 4. Nc3 e6 5. a3 d6 6. Bg5 Be7 7. e3 Ne4 8. Nxe4
Bxe4 9. Bxe7 Qxe7 10. Bd3 Bxd3 11. Qxd3 Nd7 12. O-O O-O 13. Rfd1 e5 14. dxe5
Nxe5 15. Nxe5 Qxe5 16. Qd4 Rfe8 17. Qxe5 Rxe5 18. Rd5 f6 19. Kf1 a5 20. b3 Kf7
21. Rad1 Re4 22. R1d4 Rxd4 23. Rxd4 Ke6 24. Ke2 a4 25. b4 c5 26. Re4+ Kf5 27.
Rf4+ Ke5 28. b5 g5 29. Rf3 g4 30. Rf4 f5 31. h4 Ra5 32. g3 d5 33. Kd3 dxc4+ 34.
Kxc4 h5 35. e4 fxe4 36. Rf8 Ra7 37. Rh8 e3 38. Re8+ Kd6 39. fxe3 Re7 40. Rd8+
Kc7 41. Rd3 Re6 42. Rc3 Rf6 43. Kd5 Rf3 44. Rc4 Rxe3 45. Rxa4 Rd3+ 46. Ke5 Rxg3
47. Ra7+ Kb8 48. Rh7 Re3+ 49. Kd6 Re8 50. Rxh5 Rg8 51. Re5 g3 52. Re1 g2 53.
Rg1 c4 54. h5 c3 55. h6 c2 56. h7 Rh8 57. Kc6 Rxh7 58. Kxb6 Rh6+ 59. Ka5 Rh1
0-1

[Event "SERBIA CHESS OPEN 2021 - MASTERS"]
[Site "Belgrade, Hotel Metropol"]
[Date "2021.07.03"]
[Round "2.137"]
[White "Zhukenov, Aituar"]
[Black "Rutten, Alexander"]
[Result "0-1"]
[WhiteElo "2241"]
[BlackElo "2082"]
[PlyCount "56"]
[EventDate "2021.??.??"]

1. e4 c5 2. Nf3 d6 3. Bb5+ Bd7 4. Bxd7+ Qxd7 5. O-O Nf6 6. Qe2 Nc6 7. c3 e6 8.
d4 cxd4 9. cxd4 d5 10. e5 Ne4 11. Be3 Be7 12. Ne1 f5 13. f3 Ng5 14. Nd3 Nf7 15.
Nd2 Rc8 16. a3 Na5 17. Rac1 O-O 18. b4 Nc4 19. Nxc4 dxc4 20. Nc5 Qd5 21. Na4 b5
22. Nc3 Qb7 23. Rb1 Nd8 24. Rfd1 Nc6 25. f4 Rfd8 26. g4 Rf8 27. d5 exd5 28.
Nxd5 a6 0-1

[Event "SERBIA CHESS OPEN 2021 - MASTERS"]
[Site "Belgrade, Hotel Metropol"]
[Date "2021.07.03"]
[Round "2.138"]
[White "Jordanov, Mihail"]
[Black "Maksimenko, Viktor"]
[Result "1/2-1/2"]
[WhiteElo "2082"]
[BlackElo "2239"]
[PlyCount "114"]
[EventDate "2021.??.??"]

1. e4 e6 2. d4 d5 3. Nd2 Nf6 4. e5 Nfd7 5. c3 c5 6. Bd3 Nc6 7. Ngf3 g6 8. h4 h6
9. h5 g5 10. Nf1 Bg7 11. Ne3 cxd4 12. cxd4 O-O 13. Ng4 f6 14. exf6 Nxf6 15.
Nge5 Ne4 16. Be3 Qa5+ 17. Kf1 Nxe5 18. dxe5 g4 19. Nh4 Nxf2 20. Bxf2 g3 21. Nf3
gxf2 22. Rh4 Bd7 23. a4 Rac8 24. Rg4 Be8 25. Nd4 Qe1+ 26. Qxe1 fxe1=Q+ 27. Kxe1
Bxh5 28. Rxg7+ Kxg7 29. Nxe6+ Kg8 30. Nxf8 Kxf8 31. Kd2 Be8 32. Rf1+ Ke7 33.
Rf6 Bxa4 34. Rxh6 Rg8 35. Rh7+ Ke6 36. Rxb7 Rxg2+ 37. Kc3 Kxe5 38. Re7+ Kd6 39.
Rxa7 Bd1 40. b4 Be2 41. Bxe2 Rxe2 42. Kd3 Re4 43. Rb7 Rh4 44. Rb8 Kc7 45. Rg8
Rxb4 46. Rg6 Rb6 47. Rxb6 Kxb6 48. Kd4 Kc6 49. Kd3 Kc5 50. Kc3 d4+ 51. Kd3 Kd5
52. Kd2 Kc4 53. Kc2 d3+ 54. Kd2 Kd4 55. Kd1 Kc3 56. Kc1 d2+ 57. Kd1 Kd3 1/2-1/2

[Event "SERBIA CHESS OPEN 2021 - MASTERS"]
[Site "Belgrade, Hotel Metropol"]
[Date "2021.07.03"]
[Round "2.139"]
[White "Gombocz, Ferenc Jr"]
[Black "Shoshin, Kirill"]
[Result "1-0"]
[WhiteElo "2236"]
[BlackElo "2001"]
[PlyCount "49"]
[EventDate "2021.??.??"]

1. c4 e6 2. g3 d5 3. Bg2 Nf6 4. Nf3 d4 5. O-O c5 6. e3 Nc6 7. exd4 cxd4 8. d3
h6 9. Bf4 g5 10. Be5 Nxe5 11. Nxe5 Bd6 12. Qe2 Qc7 13. Nf3 Bc5 14. Nbd2 Bd7 15.
Nb3 Qd6 16. Qe5 Qxe5 17. Nxe5 Bd6 18. Nxd7 Nxd7 19. Bxb7 Rb8 20. Bg2 h5 21.
Rab1 e5 22. c5 Bc7 23. Rfc1 h4 24. Nd2 hxg3 25. hxg3 1-0

[Event "SERBIA CHESS OPEN 2021 - MASTERS"]
[Site "Belgrade, Hotel Metropol"]
[Date "2021.07.03"]
[Round "2.140"]
[White "Stojkovic, Nenad P"]
[Black "Ravic, Nenad"]
[Result "0-1"]
[WhiteElo "2081"]
[BlackElo "2235"]
[PlyCount "64"]
[EventDate "2021.??.??"]

1. d4 Nf6 2. g3 g6 3. Bg2 Bg7 4. c4 O-O 5. Nc3 d6 6. e4 Nc6 7. Nge2 e5 8. d5
Nd4 9. O-O c5 10. dxc6 bxc6 11. Nxd4 exd4 12. Qxd4 Nd5 13. Qd3 Nxc3 14. bxc3
Qa5 15. Rd1 Bg4 16. f3 Be6 17. Be3 Bxc3 18. Rab1 Rfd8 19. h3 Bf6 20. Qc2 Rab8
21. Kh2 d5 22. Rxb8 Rxb8 23. cxd5 cxd5 24. Bd4 Bxd4 25. Rxd4 dxe4 26. Ra4 Qb6
27. fxe4 Qe3 28. Ra5 Rc8 29. Qb2 h5 30. Qa3 Rc3 31. Qd6 Rc2 32. Qf4 Qe2 0-1

[Event "SERBIA CHESS OPEN 2021 - MASTERS"]
[Site "Belgrade, Hotel Metropol"]
[Date "2021.07.03"]
[Round "2.141"]
[White "Thorsbro, Peter"]
[Black "Katic, Goran"]
[Result "1-0"]
[WhiteElo "2233"]
[BlackElo "1963"]
[PlyCount "69"]
[EventDate "2021.??.??"]

1. d4 Nf6 2. c4 Nc6 3. Nf3 e6 4. g3 Bb4+ 5. Bd2 Qe7 6. Bg2 a5 7. O-O Bxd2 8.
Nbxd2 d6 9. a3 O-O 10. Rc1 e5 11. e3 Bg4 12. Qb3 a4 13. Qc3 e4 14. Ng5 d5 15.
h4 Qd7 16. cxd5 Nxd5 17. Qc2 f5 18. Rfe1 h6 19. Nh3 Kh8 20. Nb1 f4 21. Nxf4
Nxf4 22. gxf4 Bf3 23. Bxf3 exf3 24. Qg6 Nxd4 25. exd4 Rxf4 26. Re4 Raf8 27.
Rce1 R4f6 28. Qg3 Qf5 29. Rg4 R8f7 30. Nc3 Qc2 31. Kh2 Qxb2 32. Ne4 Rf5 33. Rg1
Qxd4 34. Ng5 Rf4 35. Nxf7+ 1-0

[Event "SERBIA CHESS OPEN 2021 - MASTERS"]
[Site "Belgrade, Hotel Metropol"]
[Date "2021.07.03"]
[Round "2.142"]
[White "Maksimovic, Masa"]
[Black "Miszler, Levente"]
[Result "0-1"]
[WhiteElo "2008"]
[BlackElo "2231"]
[PlyCount "66"]
[EventDate "2021.??.??"]

1. e4 e6 2. d4 d5 3. Nc3 Nf6 4. e5 Nfd7 5. f4 c5 6. Nf3 Nc6 7. Be3 Be7 8. Qd2
O-O 9. dxc5 Qa5 10. O-O-O b6 11. cxb6 axb6 12. Bb5 Bb7 13. Nd4 Rfc8 14. Nb3 Qa7
15. Kb1 Nc5 16. Nc1 Nb4 17. Bd3 Ba6 18. Bxa6 Qxa6 19. Qe2 Qa7 20. Nb5 Qd7 21.
c3 Nc6 22. Rhf1 Na5 23. Rf3 Nc4 24. Bxc5 Rxc5 25. Nd4 Rca5 26. Qc2 Ba3 27. Ndb3
Bxb2 28. Qe2 Ra4 29. Rd2 Nxd2+ 30. Qxd2 Bxc1 31. Nxc1 Qb5+ 32. Ka1 Qc5 33. f5
exf5 0-1